000 00732nam0a22002531 4500
001 rc\3051152
005 20250806202704.0
035 _a(NLR Aleph) 007208942
090 _a56226
_c56226
100 _a20111010d1942 u y0rusy50 ca
101 0 _arus
102 _aRU
105 _ay z |||||
200 1 _aМаленькие рассказы
_fАхняф Киреев
210 _aУфа
_cБашгосиздат
_d1942
215 _a24 с.
_d14 см
700 1 _aМэргэн
_bК.
_f1912-1984
_gКирей
801 0 _aRU
_bNLR
_gpsbo
801 1 _aRU
_bELAR
_2rusmarc
852 _aNLR
_bЛ
_j30 Г-2/318
942 _cBOOK
945 _aРоссийская национальная библиотека
980 _aNB
980 _aBV